FC Bayern Rückennummerhistorie #12 - Statistiken

Allgemein
  • Dieses Quiz wurde 6 mal gespielt
  • Das Durchschnittsergebnis liegt bei 10 aus 41
Antwortstatistiken
Hint Antwort % Korrekt
1984-87 Raimond Aumann
80%
1983/84 Dieter Hoeneß
60%
1990/91 Gerald Hillringhaus
60%
1981/82 Karl-Heinz Rummenigge
60%
1994-2000; 1992/93; 1990/91; 1988/89 Sven Scheuer
60%
1978/79 Uli Hoeneß
60%
1994/95 Dietmar Hamann
40%
1988/89 Hans Dorfner
40%
1987/88 Hansi Flick
40%
1990/91 Manfred Schwabl
40%
1992/93 Markus Münch
40%
1993-95 Michael Sternkopf
40%
1990/91 Michael Sternkopf
40%
1994/95 Samuel Kuffour
40%
1990/91 Stefan Effenberg
40%
1990/91 Thomas Strunz
40%
1993-95 Uwe Gospodarek
40%
1991/92 Bernardo
20%
1977/78; 1973/74 Bernd Dürnberger
20%
1975/76 Franz Roth
20%
1993/94 Jorginho
20%
1980/81 Karl Del'Haye
20%
1989/90 Ludwig Kögl
20%
1995/96 Michael Probst
20%
1988/89 Norbert Nachtweih
20%
1992/93 Alois Reinhardt
0%
1994/95 Bernhard Hirmer
0%
1984-86 Bertram Beierlozer
0%
1976/77 Conny Torstensson
0%
1972/73 Franz Krauthausen
0%
1962/63 Fritz Kosar
0%
1973/74 Herbert Zimmermann
0%
1973/74 Johnny Hansen
0%
1974/75 Klaus Wunder
0%
1979-81 Norbert Janzon
0%
1978/79 Peter Gruber
0%
1988/89 Peter Sirch
0%
1989/90 Ralf Cordes
0%
1983/84 Reiner Maurer
0%
2000-2002 Robert Kovac
0%
1978/79 Wilhelm Reisinger
0%
Keine übereinstimmenden Quizze gefunden
Verteilung der Resultate
Anzahl Personen mit jedem Resultat
Perzentil nach korrekt beantworteten Fragen
Ihre Resultats-Entwicklung
Sie haben dieses Quiz noch nicht gespielt